Effective Presentation Skills (Record no. 93636)

MARC details
000 -LEADER
fixed length control field 00592nam a2200217Ia 4500
005 - DATE AND TIME OF LATEST TRANSACTION
control field 20251121140019.0
008 - FIXED-LENGTH DATA ELEMENTS--GENERAL INFORMATION
fixed length control field 230125s9999 xx 000 0 und d
020 ## - INTERNATIONAL STANDARD BOOK NUMBER
International Standard Book Number 9788131403051
041 ## - LANGUAGE CODE
Language code of text/sound track or separate title eng
082 ## - DEWEY DECIMAL CLASSIFICATION NUMBER
Classification number 158.1
Item number KUM
100 ## - MAIN ENTRY--PERSONAL NAME
Author kumar V V R, Ed.
245 ## - TITLE STATEMENT
Title Effective Presentation Skills
Remainder of title The Key to Success
250 ## - EDITION STATEMENT
Edition statement 1st Ed.
260 ## - PUBLICATION, DISTRIBUTION, ETC.
Date of publication, distribution, etc. 2006
Name of publisher, distributor, etc. ICFAI publication
Place of publication, distribution, etc. Hyderabad
300 ## - PHYSICAL DESCRIPTION
Extent 203p
500 ## - GENERAL NOTE
Keywords Personality Development
650 ## - SUBJECT ADDED ENTRY--TOPICAL TERM
Topical term or geographic name entry element HRM Gen
700 ## - ADDED ENTRY--PERSONAL NAME
Personal name kumar V V R, Ed. & Abhyankar M W, Donor
942 ## - ADDED ENTRY ELEMENTS (KOHA)
Koha item type Books
906 ## - LOCAL DATA ELEMENT F, LDF (RLIN)
b 200
Holdings
Withdrawn status Lost status Damaged status Not for loan Home library Current library Date acquired Vendor Net Price Full call number Barcode Date last seen Actual Price Bill Date Koha item type Original Barcode
        Smt. Hiraben Nanavati Institute of Management & Research for Women Smt. Hiraben Nanavati Institute of Management & Research for Women 18/06/2015 Donated Book- Outside Donar 400.00 158.1 KUM DB2016 HIMR-DB-2016 25/01/2023 200.00 25/01/2023 Donated Book DB2016